| 000 | 01258cam a22003257a 4500 | ||
|---|---|---|---|
| 003 | CHAP | ||
| 005 | 20220329135801.0 | ||
| 008 | 971013s1967 r 00010 d | ||
| 010 | _a42040 | ||
| 011 | _a43012 | ||
| 035 | _a47142 | ||
| 040 | _cCHAP | ||
| 082 |
_a334.683 _bE8Y |
||
| 110 |
_aE.U.A. Department of Agriculture _934876 |
||
| 245 | 1 | 4 | _aLas cooperativas agrícolas en los Estados Unidos |
| 260 |
_aMéxico, D. F. : _bCentro Regional de Ayuda Técnica, _c1967 |
||
| 300 |
_a384 p. _b: ilus. mapas |
||
| 490 | 0 |
_aU.S. Farmer Cooperative Services. Bulletin _v; 1 |
|
| 590 |
_aBATCH-UPD _b10 _c20130110 _lUCH01 _h2113 |
||
| 590 |
_aCONVERSION _b10 _c20130109 _lUCH01 _h1323 |
||
| 650 | 1 | 4 |
_aAgricultura cooperativa _xE.U.A. _91962 |
| 830 | 0 |
_aU.S. Farmer Cooperative Services. Bulletin _v; 1 _9115784 |
|
| 901 | _aBK | ||
| 942 | _cLIBRO | ||
| 949 |
_a334.683 E8Y _bBC _cLIBRO _d33724000334926 _eLIBRO _fc.4 _h30997 _i47142 _si |
||
| 949 |
_a334.683 E8Y _bBC _cLIBRO _d33724000335055 _eLIBRO _fc.3 _h30996 _i47142 _si |
||
| 949 |
_a334.683 E8Y _bBC _cLIBRO _d33724000335063 _eLIBRO _fc.2 _h30995 _i47142 _si |
||
| 949 |
_a334.683 E8Y _bBC _cLIBRO _d33724000335071 _eLIBRO _h30994 _i47142 _si |
||
| 949 |
_a334.683 E8Y _bBC _cLIBRO _d33724002254941 _eLIBRO _fc.5 _h30998 _i47142 _si |
||
| 999 |
_c42040 _d42040 |
||